| Tag |
First Indicator |
Second Indicator |
Subfields |
| LEADER |
00000cam a2200000 4500 |
| 001 |
in00003823421 |
| 005 |
20190415184251.0 |
| 006 |
m o d |
| 007 |
cr |n||||||||n |
| 008 |
790217s1770 enk|||| o 00||||eng c |
| 035 |
|
|
|a (CU-RivES)T13994
|
| 035 |
|
|
|a (Uk-ES)006214003
|
| 035 |
|
|
|a (OCoLC)508464421
|
| 040 |
|
|
|a Uk-ES
|c Uk-ES
|d CU-RivES
|d CStRLIN
|d Cengage Gale
|d UtOrBLW
|
| 100 |
1 |
|
|a Clive, Robert,
|d 1722 or 1723-1792.
|0 http://id.loc.gov/authorities/names/nr91016914
|
| 245 |
1 |
4 |
|a The Christian religion agreeable to the natural powers, and principles of man :
|b A sermon preached at a visitation, held at Ludlow June 12th 1770. By Robert Clive, M.A. Archdeacon of Salop.
|
| 264 |
|
1 |
|a Shrewsbury :
|b [Prin]ted and sold by W. Williams, Mr. Rowe ..., Mr. Payne, at the Mews-Gate, St. ... and Mr. Crowder, Pater Noster Row, London,
|c 1770.
|
| 300 |
|
|
|a 1 online resource (38 pages)
|
| 336 |
|
|
|a text
|b txt
|2 rdacontent
|
| 337 |
|
|
|a computer
|b c
|2 rdamedia
|
| 338 |
|
|
|a online resource
|b cr
|2 rdacarrier
|
| 500 |
|
|
|a Half-title: 'A sermon preached at a visitation, held at Ludlow June 12th, 1770'.
|
| 500 |
|
|
|a Price on title page: (Price One Shilling.)
|
| 510 |
4 |
|
|a English Short Title Catalog,
|c T13994.
|
| 500 |
|
|
|a Reproduction of original from British Library.
|
| 500 |
|
|
|a Electronic resource.
|
| 630 |
0 |
0 |
|a Bible.
|p John VI, 44
|v Sermons
|v Early works to 1800.
|
| 655 |
|
7 |
|a Electronic books.
|2 local
|
| 655 |
|
7 |
|a Sermons.
|2 rbgenr
|
| 710 |
2 |
|
|a Gale (Firm)
|0 http://id.loc.gov/authorities/names/no2008071348
|
| 752 |
|
|
|a Great Britain
|b England
|d Shrewsbury.
|
| 856 |
4 |
0 |
|u http://proxy.library.tamu.edu/login?url=http://find.galegroup.com/ecco/infomark.do?contentSet=ECCOArticles&docType=ECCOArticles&bookId=1530201900&type=getFullCitation&tabID=T001&prodId=ECCO&docLevel=TEXT_GRAPHICS&version=1.0&source=library&userGroupName=txshracd2898
|z Connect to the full text of this electronic book
|t 0
|
| 999 |
f |
f |
|s b2230d5d-fe2f-343b-9e9c-08c5a93878af
|i 987707f7-89f3-37e4-badd-b252a29ffa89
|t 0
|
| 952 |
f |
f |
|a Texas A&M University
|b College Station
|c Electronic Resources
|d Available Online
|t 0
|h No information provided
|
| 998 |
f |
f |
|t 0
|l Available Online
|